Vấn đề giáo dục hướng nghiệp cho học sinh ở một số trường THPT trong tỉnh Đồng Thaps Khóa luận tốt nghiệp : Ngành Sư phạm Toán : Trình độ : Đại học

Đã lưu trong:
書目詳細資料
主要作者: Nguyễn, Thị Kim Hoa
其他作者: Lê, Hiển Dương (hướng dẫn)
格式: Luận văn 工具包 圖書
語言:Vietnamese
出版: Đồng Tháp Trường Đại học Đồng Tháp 2009
主題:
標簽: 添加標簽
沒有標簽, 成為第一個標記此記錄!
Thư viện lưu trữ: Trung tâm Học liệu Lê Vũ Hùng, Trường Đại học Đồng Tháp
LEADER 01331ppm a22002898a 4500
001 00027235
005 20171026081022.0
008 111017s2009 ||||||viesd
041 0 # |a vie 
082 1 4 |b V121Đ  |a 373.246 
100 1 # |a Nguyễn, Thị Kim Hoa 
245 1 0 |a Vấn đề giáo dục hướng nghiệp cho học sinh ở một số trường THPT trong tỉnh Đồng Thaps  |b Khóa luận tốt nghiệp : Ngành Sư phạm Toán : Trình độ : Đại học  |c Nguyễn Thị Kim Hoa...[và.nh.ng.khác]; Lê Hiền Dương hướng dẫn 
260 # # |b Trường Đại học Đồng Tháp  |c 2009  |a Đồng Tháp 
300 # # |a 85 tr.  |c 30 cm.  |b hình vẽ  |e 1 bản tóm tắt 
500 # # |a ĐTTTS ghi: Bộ Giáo dục và Đào tạo Đồng Tháp. Trường Đại học Đồng Tháp 
502 # # |a Thư mục : tr.71 
650 |a Giáo dục hướng nghiệp  |z Đồng Tháp 
653 # # |a Học sinh 
653 # # |a Trung học phổ thông 
700 1 # |a Lê, Hiển Dương  |e hướng dẫn 
852 # # |b Kho đọc  |j KD.0011757 
852 # # |j KD.0011757 
910 # # |a Ntuyet  |d 17/10/2011 
980 # # |a Trung tâm Học liệu Lê Vũ Hùng, Trường Đại học Đồng Tháp